1113 1630 1699 1900 1922 1813 1886 1410 1812 1634 1984 1091 1893 1357 1175 1066 1438 1070 1586 1768 1782 1740 1714 1960 1885 1461 1575 1987 1250 1541 1033 1715 1303 1607 1755 1398 1955 1203 1287 1194 1757 1040 1208 1799 1370 1886 1946 1875 1385 1139 1857 1676 1675 1480 1042 1134 1329 1130 1202 1997 1268 1976 1481 1463 1332 1005 1139 2000 1561 1776 1153 1402 1085 1019 1461 1860 1897 1943 1686 1244 1009 1207 1931 1964 1686 1094 1650 1321 1028 1022 1355 1219 1718 1629 1568 1422 1122 1726 1836 BCNSPRNW ULIB Ver.6.0+V

เปลี่ยนเป็นภาษาไทย

Change to English
 แสดงรายละเอียดบรรณานุกรม
  กลับหน้าหลัก

Brief Record : Get Marc (ISO 2709) : E-mail record : QR code < ปิดหน้าต่าง
LEADER : 00000nam 2200000uu 4500
001    13399124781
003     ULIB
008    160323s2014||||th 000 0 eng d
020    ^a9781451189759
060  0 ^aWY106^bA425C
100 0  ^aAllender, Judith Ann
245 00 ^aCommunity and Public Health Nursing : Promoting the Public^'s Health /^cAllender, Judith Ann
250    ^a8 th.ed. (31 ม.ค.57)
260    ^aPhiladelphia :^bWolters Kluwer/Lippincott Williams & Wilkins,^c2014
300    ^a1086 p. :^bIllus ; Table ;^c27.5 ซม.
650  0 ^aCommunity Health Nursing
650  0 ^aPublic Health Nursing
700 1  ^aRector, Cherie
700 1  ^aWarner, Kristine
945    ^p3000^l0^i000330
999    ^aเกษร โพธิ์สุวรรณ
รายการนี้ยังไม่มีแท็ก
คุณยังไม่ได้ล็อกอิน คุณสามารถมีกิจกรรมร่วมกับเว็บไซต์ได้ แต่ต้องล็อกอินก่อน ::
  ล็อกอิน

รายการสื่อสารสนเทศ

ลำดับที่ ประเภท เลขเรียก/บาร์โค้ด สถานที่ สถานะ
1. Book การพยาบาล
Book การพยาบาล
WY106 A425C ฉ.1 
  Barcode: 000330
ห้องสมุดวิทยาเขตสวรรค์ประชารักษ์
►หนังสือทั่วไป
บนชั้น

รายการใกล้เคียง
    หัวเรื่อง [Community Health Nursing]
    หัวเรื่อง [Public Health Nursing]

BibComment


ยังไม่เคยถูกคอมเมนท์

คอมเมนท์ทรัพยากรรายการนี้
  คอมเมนท์: Community and Pu..


 Copyright 2026. Bcnsprnw @Library